Programming logic and design : (Record no. 305200)
[ view plain ]
| 000 -LEADER | |
|---|---|
| fixed length control field | 00646nam a2200253Ia 4500 |
| 008 - FIXED-LENGTH DATA ELEMENTS--GENERAL INFORMATION | |
| fixed length control field | 161112s9999 xx 000 0 und d |
| 020 ## - INTERNATIONAL STANDARD BOOK NUMBER | |
| International Standard Book Number | 978-981-4716-37-6 |
| 050 ## - LIBRARY OF CONGRESS CALL NUMBER | |
| Classification number | ComSc QA 76.63 |
| 050 ## - LIBRARY OF CONGRESS CALL NUMBER | |
| Item number | .F37 2015 |
| 100 ## - MAIN ENTRY--PERSONAL NAME | |
| Personal name | Farrell, Joyce. |
| 245 #0 - TITLE STATEMENT | |
| Title | Programming logic and design : |
| 245 #0 - TITLE STATEMENT | |
| Remainder of title | introductory / |
| 245 #0 - TITLE STATEMENT | |
| Statement of responsibility, etc | Joyce Farrell. |
| 250 ## - EDITION STATEMENT | |
| Edition statement | 8th Edition |
| 260 ## - PUBLICATION, DISTRIBUTION, ETC. (IMPRINT) | |
| Place of publication, distribution, etc | Singapore : |
| 260 ## - PUBLICATION, DISTRIBUTION, ETC. (IMPRINT) | |
| Name of publisher, distributor, etc | Cengage Learning Asia Pte Ltd |
| 260 ## - PUBLICATION, DISTRIBUTION, ETC. (IMPRINT) | |
| Date of publication, distribution, etc | 2015 |
| 300 ## - PHYSICAL DESCRIPTION | |
| Extent | 367 pages : |
| 300 ## - PHYSICAL DESCRIPTION | |
| Other physical details | illustrations ; |
| 300 ## - PHYSICAL DESCRIPTION | |
| Dimensions | 23 cm. |
| 500 ## - GENERAL NOTE | |
| General note | Includes index. |
| 650 ## - SUBJECT ADDED ENTRY--TOPICAL TERM | |
| Topical term or geographic name as entry element | Logic programming. |
| 650 ## - SUBJECT ADDED ENTRY--TOPICAL TERM | |
| General subdivision | Logic design. |
| Withdrawn status | Lost status | Damaged status | Home library | Current library | Shelving location | Date acquired | Cost, normal purchase price | Total Checkouts | Full call number | Barcode | Date last seen | Price effective from | Koha item type |
|---|---|---|---|---|---|---|---|---|---|---|---|---|---|
| South Mansfield College | South Mansfield College | 01/06/2016 | 465.80 | ComSc QA 76.63 .F37 2015 | SMC06015 | 11/12/2016 | 11/12/2016 |